Poor Definitions of Video Games - Statistics

General Stats
  • This quiz has been taken 15 times
  • The average score is 8 of 13
Answer Stats
Hint Answer % Correct
Spiky Blue speedster against a Fatty Sonic the Hedgehog
100%
Go to Hell to punch demons Doom
87%
Italian chub and his Brother rescue their Girlfriend Super Mario Bros.
87%
Rule the World of Squidward nosed merchants Minecraft
80%
Collect weapons to defeat Naughty Germans who try to destroy Earth (Any of this games Franchise) Wolfenstein
80%
Pull No Scopes with Squeakers who stare at Baby cams Call of Duty
67%
Hit those 5 buttons and flip that button to somehow play music Guitar Hero/Rock Band
67%
Hold your Wii remote/Cell phone while shaking your house to jumping with music Just Dance
67%
Aim between the legs for the satisfying X-Ray shot Sniper Elite
53%
Place figures you bought onto a device to be a Magician with a portal Skylanders
40%
Crash buildings onto snipers with C4, just to do no damage Battlefield
33%
Be a Nerdy Scientist who almost destroys Earth Half Life
27%
Climb towers for your map you saw was detailed at the start of the game Far Cry 3
7%
No matching quizzes found
Score Distribution
Percent of People with Each Score
Percentile by Number Answered
Your Score History
You have not taken this quiz